• 首页
  • 本馆介绍
  • 公告通知
  • 最新文献
  • 馆藏检索
  • 电子资源
  • 读者导购
  • 参考咨询
  • 我的图书馆
  • 登录
  • 详细信息显示
  • 放入我的书架
  • 预约/预借图书
  • 作者相关作品
  • 分类相关作品
  • 丛书相关作品
  • 出版社相关作品

书目信息

  • 表格格式
  • 工作单格式
  • 卡片格式
题名:
中国古代体育
    
 
作者: 乔志霞 编著
分册:  
出版信息: 北京   中国商业出版社  2015
页数: 184页
开本: 23cm
丛书名: 中国传统民俗文化丛书
单 册:
中图分类: G812.92
科图分类:
主题词: 古代体育--研究--中国
电子资源:
ISBN: 978-7-5044-8617-2
000 00848nam0 2200229 450
001 1587
005 20161130141005.60
010    @a978-7-5044-8617-2@dCNY25.00
100    @a20160121d2015 em y0chiy50 ea
101 0  @achi
102    @aCN@b110000
105    @aa z 000yy
200 1  @a中国古代体育@9zhong guo gu dai ti yu@f乔志霞编著
210    @a北京@c中国商业出版社@d2015
215    @a184页@c图@d23cm
225 1  @a中国传统民俗文化丛书@f傅璇琮主编@i文化系列@v4
330    @a本书通过对中国古代体育的起源、在各朝代的发展以及与体育相关的重要事件和名人趣事的描写,旨在生动形象地给广大读者立体地展示中国古代体育的面貌,在为大家提供知识的同时,更注重其趣味性。
606 0  @a古代体育@x研究@y中国
690    @aG812.92@v5
701  0 @a乔志霞@9qiao zhi xia@4编著
801  0 @aCN@b大连网信软件有限公司图书馆·11@c20161130
905    @aZUCC@dG812.92@e63
    
    中国古代体育/乔志霞编著.-北京:中国商业出版社,2015
    184页:图;23cm.-(中国传统民俗文化丛书/傅璇琮主编.文化系列;4)
    
    
    ISBN 978-7-5044-8617-2:CNY25.00
    本书通过对中国古代体育的起源、在各朝代的发展以及与体育相关的重要事件和名人趣事的描写,旨在生动形象地给广大读者立体地展示中国古代体育的面貌,在为大家提供知识的同时,更注重其趣味性。
●
相关链接 在E读中查询图书 在五车中查询图书 在当当中查询图书 在豆瓣中查询图书


正题名:中国古代体育     索取号:G812.92/63         预约/预借

序号 登录号 条形码 馆藏地/架位号 状态 备注
1 909596   209095968   第一样本阅览室/ [索取号:G812.92/63] 在馆    
2 909597   209095977   第四借阅区/ [索取号:G812.92/63] 在馆    
3 909598   209095986   第四借阅区/ [索取号:G812.92/63] 在馆    
4 909599   209095995   第四借阅区/ [索取号:G812.92/63] 在馆    
5 909600   209096002   第四借阅区/ [索取号:G812.92/63] 在馆    
唐山师范学院图书馆 欢迎您!
大连网信软件有限公司© 版权所有